00530nam a2200193 a 4500001001300000003000900013005001700022008004100039020001000080082001400090100001500104245007100119260004000190300000900230500003500239505001700274650003000291700001500321nice12345678IN_TiNIC20260116012616.0050524s1983 kera grp 000 0 eng  ac10000a201bAPR1 aAprem, Mar aGood News Festivals in Indiab Twenty Five Year With Dr Akbar Haqq aKeralabSt. Josephs I S Pressc1983 a224p aincludes index and biblioraphy2 aBibliography aChristianity-Bibliography1 aAprem, Mar